Geography Quiz

Random Geography or City Quiz

UK City-County Click (P) Quiz Stats

 Plays Quiz not verified by Sporcle

Score 0/18 Timer 05:00
0 Plays Today
% Correct
Penzance
97.5%
Plymouth
97.1%
Portsmouth
95.7%
Preston
94.9%
Poole
94.6%
Pwllheli
92.3%
Peterborough
92.2%
Pontefract
84.6%
Paisley
83.7%
% Correct
Penrith
83.5%
Potters Bar
82.6%
Portadown
81.2%
Pickering
70%
Purley
68.6%
Peterhead
67.4%
Peterlee
57.7%
Pevensey
56.5%
Pitsea
56.3%

You're not logged in!

Compare scores with friends on all Sporcle quizzes.
OR
Log In

Sporcle TV

Today on Sporcle TV


Watch our educational content, quiz creation guides, and fun videos on Sporcle TV.

Show Comments

Extras

Top Quizzes Today


Score Distribution

Your Account Isn't Verified!

In order to create a playlist on Sporcle, you need to verify the email address you used during registration. Go to your Sporcle Settings to finish the process.

Report this User

Report this user for behavior that violates our Community Guidelines.

Details: